000
00298nam a22001337a 4500
008
170821b xxu||||| |||| 00| 0 eng d
020
_a
9781602501492
041
_a
eng
080
_2
3 ED
_a
51
100
_a
37
101
_a
MAT
245
_a
INTERMEDIATE ALGEBRA
_c
VANSIL.CH
942
_2
udc
_c
BK
999
_c
24296
_d
24296